000 00761nam a2200253Ia 4500
003 OSt
005 20220923221017.0
006 a|||||r|||| 00| 0
007 ta
008 220922b |||||||| |||| 00| 0 hin d
024 _a193,755
037 _cTextual
040 _aARTS
_cARTS
_bhin
041 _2hin
_ahin
082 _aO152,3xN5, M5
100 _aधनंजय, संपा.
245 0 _aआज की कथा
246 _aĀj kī kathā
260 _aइलाहाबाद
_b शांंित प्रकाशन
_c1985
300 _a22पृ.
_ccm.
650 _aहिन्दी साहित्य
_9156264
942 _hO152,3xN5, M5
_cTEXL
_2CC
999 _c346176
_d346176